Państwa które były częścią ZSRR - Statystyki

Ogólne statystyki
  • Ten quiz został rozwiązany 32 razy
  • Średni wynik to 14 z 15
Statystyki odpowiedzi
Hint Odpowiedź % Poprawnych
Europa Białoruś
100%
Europa Estonia
100%
Europa Litwa
100%
Europa Łotwa
100%
Europa Ukraina
100%
Azja/Europa Kazachstan
93%
Azja/Europa Gruzja
89%
Europa Mołdawia
89%
Azja Turkmenistan
89%
Azja Uzbekistan
89%
Azja Armenia
85%
Azja Azerbejdżan
85%
Azja Kirgistan
85%
Azja Tadżykistan
85%
Europa/Azja Rosja
78%
Nie znaleziono quizów pasujących do podanych kryteriów
Rozkład punktacji
Procent ludzi z każdym wynikiem
Percentyl według liczby udzielonych odpowiedzi
Twoja historia wyników
Nie rozwiązałeś tego quizu